The Polish Campaign 1939 (Titelsatznr. 57113)
[ MARC ]
| 000 -Satzkennung | |
|---|---|
| Kontrollfeld mit fester Länge | 01008nam a2200313 c 4500 |
| 001 - Kontrollnummer | |
| Kontrollfeld | BV006526542 |
| 003 - Kontrollnummer Identifier | |
| Kontrollfeld | DE-604 |
| 005 - Datum und Zeit der letzten Transaktion | |
| Kontrollfeld | 20210714155555.0 |
| 007 - Feld mit fester Länge zur physischen Beschreibung - Allgemeine Information | |
| Kontrollfeld mit fester Länge | t |
| 008 - Feld mit fester Länge zur physischen Beschreibung - Allgemeine Angaben | |
| Kontrollfeld mit fester Länge | 930210s1985 ab|| |||| 00||| eng d |
| 020 ## - Internationale Standardbuchnummer | |
| Internationale Standardbuchnummer | 0882549944 |
| Verknüpfung | 0-88254-994-4 |
| 035 ## - Systemkontrollnummer | |
| System-Kontrollnummer | (OCoLC)12157785 |
| 035 ## - Systemkontrollnummer | |
| System-Kontrollnummer | (DE-599)BVBBV006526542 |
| 040 ## - Katalogisierungsquelle | |
| Original-Katalogisierungsstelle | DE-604 |
| Katalogisierungssprache | ger |
| Übertragungsstelle | RU-10907106 |
| 041 0# - Sprachcode | |
| Sprachcode des Textes/der Tonspur oder des separaten Titels | eng |
| 100 1# - Haupteintragung - Personenname | |
| Personenname | Zaloga, Steve |
| Datumsangaben in Verbindung mit einem Namen | 1952- |
| Funktionsbezeichnung | Verfasser |
| IDN des Normdatensatzes oder Standardnummer | (DE-588)13032843X |
| Funktionsbezeichnungscode | aut |
| 245 14 - Titel | |
| Titel | The Polish Campaign 1939 |
| Verfasserangabe etc. | by Steven Zaloga & Victor Madej |
| 264 #1 - Produktion, Veröffentlichung, Distribution, Herstellung und Urheberrechtsvermerk | |
| Herstellungs-, Veröffentlichungs- Vertriebs-, Erzeugungsort | New York |
| Produzent, Herausgeber, Distributor, Hersteller | Hippocrene Books |
| Datum der Herstellung, der Veröffentlichung, des Vertriebs oder des Urheberschutzvermerks | 1985 |
| 300 ## - Physische Beschreibung | |
| Umfang | 195 Seiten |
| Andere physische Details | Illustrationen, Karten |
| 336 ## - Inhaltstyp | |
| Inhaltstypterm | Text |
| Inhaltstypcode | txt |
| Quelle | rdacontent |
| 337 ## - Medientyp | |
| Bezeichnung des Medientyps | ohne Hilfsmittel zu benutzen |
| Medientypcode | n |
| Quelle | rdamedia |
| 338 ## - Datenträgertyp | |
| Datenträgertypbezeichnung | Band |
| Datenträgertypcode | nc |
| Quelle | rdacarrier |
| 650 #4 - Nebeneintragung unter einem Schlagwort - Sachschlagwort | |
| Sachschlagwort oder geografischer Name als Eintragungselement | Weltkrieg (1939-1945) |
| 650 #4 - Nebeneintragung unter einem Schlagwort - Sachschlagwort | |
| Sachschlagwort oder geografischer Name als Eintragungselement | World War, 1939-1945 |
| Allgemeine Unterteilung | Campaigns |
| Geografische Unterteilung | Poland |
| 650 07 - Nebeneintragung unter einem Schlagwort - Sachschlagwort | |
| Sachschlagwort oder geografischer Name als Eintragungselement | Polenfeldzug |
| Sonstige Informationen | 1939 |
| IDN des Normdatensatzes oder Standardnummer | (DE-588)4175002-0 |
| Quelle der Ansetzung oder des Terms | gnd |
| Koha-Normdatenidentnummer | rswk-swf |
| 651 #4 - Nebeneintragung unter einem Schlagwort - Geografischer Name | |
| Geografischer Name | Polen |
| 700 1# - Nebeneintragung - Personenname | |
| Personenname | Madej, Victor |
| Funktionsbezeichnung | Verfasser |
| Funktionsbezeichnungscode | aut |
| 942 ## - Zusätzliche Felder (Koha) | |
| Klassifikation oder Aufstellungssystematik | Andere/Generische Klassifikation |
| Koha-Medientyp | Monographien |
| Ausgeschieden | Verloren | Klassifikation oder Aufstellungssystematik | Beschädigt | Nicht entleihbar | Heimatbibliothek | Aufenthaltsbibliothek | Aufstellungsort | Erwerbungsdatum | Inventarnummer | Signatur | Barcode | Letzte Aktivität | Preis gültig von | Koha-Medientyp |
|---|---|---|---|---|---|---|---|---|---|---|---|---|---|---|
| Andere/Generische Klassifikation | MWN Osteuropa | MWN Osteuropa | Lesesaal - 1 | 14/07/2021 | 21-01467 | D 52 rf Zal | E00401082D371717 | 14/07/2021 | 14/07/2021 | Monographien |